000
00346pam a2200157a 44500
008
230515b1975 xxu||||| |||| 00| 0 eng d
020
_a
NULL
041
_a
ENGLISH
082
_a
630
100
_a
3405-1966
245
_a
TEST CHART FOR POWER HACKSAW MACHINES
250
_a
0
260
_a
DELHI
_b
ISI
_c
1975
300
_a
32
650
_a
NULL
999
_c
652146
_d
652146